[Event "Aktobe Dvorkovich op-B"]
[Site "Aktobe"]
[Date "2025.06.25"]
[Round "4"]
[White "Tangatov, Nurdaulet"]
[Black "Tulegenov, Amir"]
[Result "1-0"]
[WhiteElo "2189"]
[BlackElo "2023"]
[PlyCount "119"]
[EventDate "2025.06.22"]
[EventType "swiss"]
[EventRounds "9"]
[EventCountry "KAZ"]
[SourceTitle "CB27_2025"]
[SourceDate "2025.07.02"]
[SourceVersion "1"]
[SourceVersionDate "2025.07.02"]
[SourceQuality "1"]

1. Nf3 Nf6 2. b3 g6 3. Bb2 Bg7 4. g3 b6 5. Bg2 Bb7 6. 0-0 0-0 7. c4 e6 8. Nc3 d5 9. cxd5 exd5 10. d4 Re8 11. Rc1 a6 12. Ne5 Nbd7 13. Nd3 Ne4 14. e3 Rc8 15. Nf4 c6 16. Re1 a5 17. h4 h6 18. Bh3 Rc7 19. Qc2 Ndf6 20. Na4 b5 21. Nc5 Bc8 22. Nxe4 dxe4 23. Bf1 g5 24. hxg5 hxg5 25. Ne2 Bf8 26. d5 Nxd5 27. Red1 Bg4 28. Rd2 Bxe2 29. Bxe2 Bg7 30. Bxg7 Kxg7 31. Qb2+ f6 32. Bxb5 Re6 33. Rcd1 Rd6 34. Bc4 Rcd7 35. Qa3 Nb4 36. Rxd6 Rxd6 37. Rxd6 Qxd6 38. Qxa5 Qd1+ 39. Bf1 Nd5 40. Qa7+ Kg6 41. Qa8 Nb4 42. a3 Nd3 43. Qg8+ Kf5 44. Qh7+ Ke5 45. Qe7+ Kf5 46. Qd7+ Ke5 47. f4+ exf3 48. Qxd3 Qe1 49. Qd4+ Kf5 50. g4+ Kg6 51. Qe4+ Kg7 52. Qxf3 Qc1 53. a4 Qe1 54. Qf2 Qd1 55. Qg3 Qxb3 56. a5 Qa4 57. a6 Kh6 58. Qh2+ Kg7 59. Be2 Qa3 60. Kf2 1-0

[Event "Aktobe Dvorkovich op-B"]
[Site "Aktobe"]
[Date "2025.06.24"]
[Round "3"]
[White "Tulendinov, Dinmukhammed"]
[Black "Tangatov, Nurdaulet"]
[Result "1/2-1/2"]
[WhiteElo "2104"]
[BlackElo "2189"]
[PlyCount "62"]
[EventDate "2025.06.22"]
[EventType "swiss"]
[EventRounds "9"]
[EventCountry "KAZ"]
[SourceTitle "CB27_2025"]
[SourceDate "2025.07.02"]
[SourceVersion "1"]
[SourceVersionDate "2025.07.02"]
[SourceQuality "1"]

1. e4 Nc6 2. Nf3 d6 3. Nc3 Nf6 4. d4 g6 5. d5 Ne5 6. Nxe5 dxe5 7. Bb5+ Bd7 8. Bxd7+ Qxd7 9. 0-0 Bg7 10. f3 0-0 11. Ne2 e6 12. c4 exd5 13. cxd5 c6 14. dxc6 Qxc6 15. Nc3 Rfd8 16. Qe2 h6 17. Be3 Kh7 18. Rac1 Qe6 19. Rfd1 Bf8 20. Rxd8 Rxd8 21. Rd1 Rxd1+ 22. Qxd1 a6 23. a3 Qc4 24. Qd8 Bc5 25. Bxc5 Qxc5+ 26. Kf1 Kg7 27. Qd2 Qc4+ 28. Kf2 Qc5+ 29. Kf1 Qc4+ 30. Kf2 Qc5+ 31. Kf1 Qc4+ 1/2-1/2

[Event "KAZ-ch U20"]
[Site "Almaty"]
[Date "2025.05.02"]
[Round "3"]
[White "Kanzharbay, Medet"]
[Black "Tangatov, Nurdaulet"]
[Result "0-1"]
[WhiteElo "2033"]
[BlackElo "2218"]
[PlyCount "65"]
[EventDate "2025.05.01"]
[EventType "swiss"]
[EventRounds "9"]
[EventCountry "KAZ"]
[SourceTitle "CB19_2025"]
[SourceDate "2025.05.07"]
[SourceVersion "1"]
[SourceVersionDate "2025.05.07"]
[SourceQuality "1"]

1. d4 Nf6 2. c4 g6 3. Nc3 d5 4. cxd5 Nxd5 5. e4 Nxc3 6. bxc3 Bg7 7. Nf3 c5 8. Bc4 Nc6 9. e5 0-0 10. h3 cxd4 11. cxd4 b5 12. Bb3 Na5 13. 0-0 Nxb3 14. Qxb3 Bb7 15. Rd1 Qd5 16. Ba3 Rfe8 17. Rac1 a5 18. Rc5 Qxb3 19. axb3 b4 20. Bb2 Rec8 21. Rdc1 Bh6 22. R1c2 e6 23. Bc1 Rxc5 24. dxc5 Be4 25. Rc4 Bd5 26. Bxh6 Bxc4 27. bxc4 a4 28. Bd2 b3 29. Bc3 a3 30. Nd2 b2 31. Kf1 Rd8 32. c6 Rxd2 33. c7 0-1

[Event "Almaty zt 3.4"]
[Site "Almaty"]
[Date "2025.04.07"]
[Round "7"]
[White "Rakhmatullaev, Almas"]
[Black "Tangatov, Nurdaulet"]
[Result "1-0"]
[WhiteElo "2413"]
[BlackElo "2257"]
[PlyCount "119"]
[EventDate "2025.04.02"]
[EventType "swiss"]
[EventRounds "9"]
[EventCountry "KAZ"]
[SourceTitle "CB15_2025"]
[SourceDate "2025.04.09"]
[SourceVersion "1"]
[SourceVersionDate "2025.04.09"]
[SourceQuality "1"]

1. e4 e5 2. Nf3 Nc6 3. Bc4 Bc5 4. c3 Nf6 5. d3 d6 6. b4 Bb6 7. a4 a6 8. Be3 Bxe3 9. fxe3 Be6 10. Nbd2 Bxc4 11. Nxc4 b5 12. Ncd2 0-0 13. 0-0 d5 14. Qe2 Qd7 15. Nh4 Ne7 16. Rxf6 gxf6 17. Rf1 f5 18. exf5 f6 19. Nb3 bxa4 20. Nc5 Qe8 21. Ne6 Qf7 22. Nxf8 Kxf8 23. d4 e4 24. g3 Nc8 25. Ng2 Nd6 26. Ra1 Qd7 27. Nf4 Qxf5 28. Rxa4 Nc4 29. Ra1 a5 30. bxa5 Ra6 31. Rf1 Rxa5 32. g4 Qd7 33. Nh5 Ke7 34. Nxf6 Qe6 35. Qf2 Kd8 36. h3 h6 37. Nh5 Kc8 38. Ng7 Qa6 39. Rb1 Rb5 40. Rxb5 Qxb5 41. Qf8+ Kb7 42. Qb4 Qxb4 43. cxb4 Nxe3 44. Kf2 Nc2 45. Nf5 Kc6 46. h4 Kd7 47. h5 Ke6 48. Nxh6 Nxd4 49. g5 Ke5 50. Ng4+ Kf5 51. g6 Ne6 52. Ne3+ Kg5 53. Nxd5 c6 54. Nf4 Kxf4 55. g7 e3+ 56. Ke1 Nxg7 57. h6 Nf5 58. h7 Nd4 59. h8Q Nf3+ 60. Kd1 1-0

[Event "Almaty zt 3.4"]
[Site "Almaty"]
[Date "2025.04.05"]
[Round "5"]
[White "Abdilkhair, Abilmansur"]
[Black "Tangatov, Nurdaulet"]
[Result "1-0"]
[WhiteElo "2410"]
[BlackElo "2257"]
[PlyCount "73"]
[EventDate "2025.04.02"]
[EventType "swiss"]
[EventRounds "9"]
[EventCountry "KAZ"]
[SourceTitle "CB15_2025"]
[SourceDate "2025.04.09"]
[SourceVersion "1"]
[SourceVersionDate "2025.04.09"]
[SourceQuality "1"]

1. e4 e6 2. d4 d5 3. Nc3 Nf6 4. Bg5 dxe4 5. Nxe4 Be7 6. Bxf6 gxf6 7. Nf3 a6 8. g3 Nc6 9. Nc3 f5 10. Qd2 Qd6 11. Bg2 Bd7 12. 0-0-0 0-0-0 13. Rhe1 h5 14. d5 exd5 15. Qxd5 Be6 16. Qxd6 Rxd6 17. Rxd6 cxd6 18. h4 Bf6 19. Ne2 Kd7 20. Nf4 a5 21. Ng5 Bxa2 22. b3 Rc8 23. Nd5 Bd4 24. Bh3 Rf8 25. Bxf5+ Kd8 26. Rd1 a4 27. Nb4 Bxf2 28. Nxc6+ bxc6 29. Rxd6+ Kc7 30. Ne4 Be3+ 31. Kb2 axb3 32. Rd7+ Kb6 33. cxb3 Ra8 34. Nc3 Bf2 35. Nxa2 Bxg3 36. Nc3 Be5 37. Kc2 1-0

[Event "Kyzylorda 1st"]
[Site "Kyzylorda"]
[Date "2024.11.09"]
[Round "9"]
[White "Fedorov, Alexei"]
[Black "Tangatov, Nurdaulet"]
[Result "1/2-1/2"]
[WhiteElo "2375"]
[BlackElo "2109"]
[PlyCount "23"]
[EventDate "2024.11.03"]
[EventType "tourn"]
[EventRounds "9"]
[EventCountry "KAZ"]
[EventCategory "1"]
[SourceTitle "CB45_2024"]
[Source "ChessBase"]
[SourceDate "2024.11.06"]
[SourceVersion "1"]
[SourceVersionDate "2024.11.06"]
[SourceQuality "1"]

1. e4 Nc6 2. Nc3 e5 3. g3 Bc5 4. Bg2 a6 5. Nge2 d6 6. 0-0 h5 7. h3 Be6 8. Nd5 Bc8 9. Ndc3 Be6 10. Nd5 Qd7 11. c3 Ba7 12. d4 1/2-1/2

[Event "Kyzylorda 1st"]
[Site "Kyzylorda"]
[Date "2024.11.07"]
[Round "6"]
[White "Tangatov, Nurdaulet"]
[Black "Kaldarova, Ayaulym"]
[Result "1-0"]
[WhiteElo "2109"]
[BlackElo "2114"]
[PlyCount "95"]
[EventDate "2024.11.03"]
[EventType "tourn"]
[EventRounds "9"]
[EventCountry "KAZ"]
[EventCategory "1"]
[SourceTitle "CB45_2024"]
[Source "ChessBase"]
[SourceDate "2024.11.06"]
[SourceVersion "1"]
[SourceVersionDate "2024.11.06"]
[SourceQuality "1"]

1. e4 e6 2. Qe2 Nc6 3. b3 e5 4. Bb2 Bc5 5. Nf3 d6 6. g3 a5 7. c3 Bg4 8. h3 Bh5 9. Bg2 Nf6 10. g4 Bg6 11. d4 Bb6 12. d5 Ne7 13. Nbd2 Qd7 14. Nh4 h5 15. Bf3 a4 16. Nc4 Ba7 17. b4 b5 18. Na3 Rb8 19. 0-0-0 c6 20. dxc6 Qxc6 21. g5 Nh7 22. Nf5 Bxf5 23. exf5 Qd7 24. g6 fxg6 25. fxg6 Nf6 26. c4 bxc4 27. Bxe5 0-0 28. Bxd6 Rbe8 29. Rhe1 Ned5 30. Be5 Be3+ 31. fxe3 Rxe5 32. Nc2 Qc7 33. Rd4 Rc8 34. Bxd5+ Nxd5 35. Qf3 Rf8 36. Qg2 Nc3 37. Qd2 Nb5 38. Rd7 Qc6 39. Rd8 Rfe8 40. Rg1 Nc7 41. Rd6 Qf3 42. Qc3 Kh8 43. Rgd1 Qg3 44. Qxc4 Ne6 45. Rxe6 Rf8 46. Rxe5 Qxe5 47. Qc5 Qf6 48. Qxh5+ 1-0

[Event "Kyzylorda 1st"]
[Site "Kyzylorda"]
[Date "2024.11.04"]
[Round "2"]
[White "Akhilbay, Imangali"]
[Black "Tangatov, Nurdaulet"]
[Result "1/2-1/2"]
[WhiteElo "2306"]
[BlackElo "2109"]
[PlyCount "242"]
[EventDate "2024.11.03"]
[EventType "tourn"]
[EventRounds "9"]
[EventCountry "KAZ"]
[EventCategory "1"]
[SourceTitle "CB45_2024"]
[Source "ChessBase"]
[SourceDate "2024.11.06"]
[SourceVersion "1"]
[SourceVersionDate "2024.11.06"]
[SourceQuality "1"]

1. e4 Nf6 2. e5 Nd5 3. d4 d6 4. c4 Nb6 5. f4 dxe5 6. fxe5 Nc6 7. Be3 Bf5 8. Nc3 e6 9. Nf3 Nb4 10. Rc1 c5 11. a3 cxd4 12. Nxd4 Nc6 13. Nxf5 exf5 14. Nb5 Nxe5 15. Qxd8+ Rxd8 16. Be2 Na4 17. b4 a6 18. Nc7+ Kd7 19. Nd5 Bd6 20. 0-0 Ke6 21. Nf4+ Ke7 22. Nd5+ Ke6 23. Nf4+ Ke7 24. Nh5 Rhg8 25. Rf2 f6 26. Rxf5 Bc7 27. Nf4 Bb8 28. Nd5+ Ke6 29. Rf2 Nb2 30. Rc3 b5 31. Nf4+ Kf7 32. cxb5 Nd1 33. Bxd1 Rxd1+ 34. Rf1 Rxf1+ 35. Kxf1 axb5 36. Bc1 Rd8 37. Rc5 g5 38. Rd5 Rc8 39. Ne2 Ng4 40. Rxb5 Bxh2 41. a4 Rd8 42. Ke1 Ne5 43. Be3 Rd3 44. Bd4 Bg3+ 45. Bf2 Bxf2+ 46. Kxf2 Rb3 47. Rb7+ Kg6 48. b5 Nd3+ 49. Kg1 h5 50. g3 Rb2 51. Kf1 Kf5 52. a5 Kg4 53. Rd7 Ne5 54. Rc7 Rxb5 55. a6 Ra5 56. a7 Ra1+ 57. Kf2 Ra2 58. Kf1 Ra1+ 59. Kf2 f5 60. Nc3 Nc6 61. Rxc6 Rxa7 62. Ne2 Ra3 63. Rc4+ f4 64. gxf4 Rf3+ 65. Kg2 gxf4 66. Rc8 Ra3 67. Rg8+ Kf5 68. Rf8+ Ke5 69. Nxf4 h4 70. Ng6+ Ke6 71. Nxh4 Ke7 72. Rf4 Ke6 73. Nf3 Ra8 74. Kg3 Rg8+ 75. Kf2 Ra8 76. Ke3 Ra1 77. Ke4 Kd6 78. Rf6+ Kc5 79. Ke5 Ra2 80. Nd4 Rh2 81. Rc6+ Kb4 82. Nf3 Rh8 83. Ke4 Kb5 84. Nd4+ Kb4 85. Rf6 Rh4+ 86. Kd5 Rh5+ 87. Nf5 Rg5 88. Rb6+ Ka5 89. Rf6 Kb4 90. Ke4 Kc5 91. Rf8 Rg6 92. Ke5 Rg5 93. Rc8+ Kb4 94. Ke4 Rg1 95. Ne3 Rh1 96. Nd5+ Kb5 97. Nc3+ Kb6 98. Kd4 Rh4+ 99. Ne4 Rh1 100. Kd5 Rd1+ 101. Kc4 Rh1 102. Nc3 Rh4+ 103. Kb3 Rh3 104. Rc4 Rh2 105. Ka4 Rh5 106. Kb4 Rh1 107. Nd5+ Kb7 108. Rc7+ Ka6 109. Rc6+ Kb7 110. Rb6+ Kc8 111. Rd6 Rb1+ 112. Kc5 Rc1+ 113. Kb5 Rb1+ 114. Nb4 Kc7 115. Rd3 Rh1 116. Na6+ Kc8 117. Nc5 Rh6 118. Rd7 Rg6 119. Re7 Kd8 120. Rh7 Ke8 121. Nb7 Kf8 1/2-1/2

[Event "Kyzylorda 1st"]
[Site "Kyzylorda"]
[Date "2024.11.04"]
[Round "3"]
[White "Tangatov, Nurdaulet"]
[Black "Amangeldy, Ernur"]
[Result "1-0"]
[WhiteElo "2109"]
[BlackElo "2198"]
[PlyCount "73"]
[EventDate "2024.11.03"]
[EventType "tourn"]
[EventRounds "9"]
[EventCountry "KAZ"]
[EventCategory "1"]
[SourceTitle "CB45_2024"]
[Source "ChessBase"]
[SourceDate "2024.11.06"]
[SourceVersion "1"]
[SourceVersionDate "2024.11.06"]
[SourceQuality "1"]

1. e4 e5 2. Nf3 Nc6 3. Bc4 Bc5 4. 0-0 Nf6 5. d3 d6 6. c3 a6 7. b4 Ba7 8. a4 h6 9. Be3 0-0 10. Nbd2 d5 11. Bxa7 Rxa7 12. exd5 Nxd5 13. Ne4 Bg4 14. h3 Bh5 15. Rc1 f6 16. d4 exd4 17. Ng3 Bf7 18. Nxd4 Ne5 19. Ndf5 Kh7 20. Ba2 Nf4 21. Bb1 Qxd1 22. Rfxd1 g6 23. Ne3 Raa8 24. Be4 c6 25. Rd4 f5 26. Nexf5 gxf5 27. Bxf5+ Nfg6 28. h4 h5 29. Nxh5 Bd5 30. Ng3 Kh6 31. h5 Ne7 32. Be4 Rae8 33. Re1 Ng8 34. Re2 Bc4 35. Re3 Rxf2 36. Kxf2 Ng4+ 37. Kf3 1-0